000 00490nam a2200145Ia 4500
008 100204s9999 xx 000 0 und d
082 _b10971
100 _aनाडकर्णी आनंद
245 _aगध्दे पंचविशी
260 _b"डिंंंंप्ंाल पब्लिकेशन, वसई"
_c1988
300 _a148
630 _aगध्दे पंचविशी
730 _aगध्दे पंचविशी
942 _cBOOK
999 _c455407
_d455404